| 000 | 00982cam a22003011 4500 | ||
|---|---|---|---|
| 001 | 6229 | ||
| 003 | BD-RjUL | ||
| 005 | 20211208234217.0 | ||
| 008 | 140109s1962 nyu b 001 0 eng | ||
| 035 | _a(BD-RjUL)6269 | ||
| 040 |
_aDLC _cDLC _dDLC _dBD-RjUL _beng |
||
| 041 | _aeng | ||
| 082 | 0 | 0 |
_a353.03 _bBIP 1962 |
| 100 | 1 |
_aBinkley, Wilfred E. _q(Wilfred Ellsworth), _d1883- _919588 |
|
| 245 | 1 | 0 |
_aPresident and Congress / _cWilfred E. Binkley. |
| 250 | _a3d rev. ed. | ||
| 260 |
_aNew York : _bVintage Books, _cc1962. |
||
| 300 |
_a403 p. ; _c19 cm. |
||
| 500 | _aFirst ed. published in 1937 under title: The powers of the President. | ||
| 504 | _aIncludes bibliography and index. | ||
| 610 | 1 | 0 |
_aUnited States. _bCongress. _919594 |
| 650 | 0 |
_aExecutive power _zUnited States _xHistory. _919590 |
|
| 650 | 0 |
_aLegislative power _zUnited States _xHistory. _919591 |
|
| 942 |
_2ddc _cBK |
||
| 999 |
_c6229 _d6229 |
||